000 00472nam a2200109Ia 4500
008 160909s9999 xx 000 0 und d
100 _aRoberts, Keith McMillan
245 _aIntakes of selenium and calcium are inversely correlated with incidence of colorectal cancer: National Health and Nutrition Examination Survey (NHANES) 1999-2014
260 _bCalifornia State University
_c2016
650 _aFOOD
856 _uhttp://pqdtopen.proquest.com/doc/1803938826.html?FMT=ABS
999 _c304034
_d304034